[Event "Paulista-chTB"]
[Site "Sao Paulo"]
[Date "2023.03.05"]
[Round "5"]
[White "San Martin, Valter Ribeiro"]
[Black "Dos Santos, Sebastiao Pedro"]
[Result "0-1"]
[WhiteElo "1782"]
[BlackElo "2002"]
[PlyCount "105"]
[EventDate "2023.03.03"]
[EventType "team-swiss"]
[EventRounds "5"]
[EventCountry "BRA"]
[SourceTitle "CBM 213 Extra"]
[Source "ChessBase"]
[SourceDate "2023.05.31"]
[SourceVersion "1"]
[SourceVersionDate "2023.05.31"]
[SourceQuality "1"]
[WhiteTeam "Sao Paulo APCEF"]
[BlackTeam "Kolping"]
[WhiteTeamCountry "BRA"]
[BlackTeamCountry "BRA"]

1. e4 e5 2. Nf3 Nc6 3. g3 Nf6 4. d3 d6 5. Bg2 Be7 6. 0-0 0-0 7. Bg5 Bg4 8. c4 Nd4 9. Be3 c5 10. Bxd4 cxd4 11. a3 a5 12. Nbd2 Qb6 13. a4 Rac8 14. b3 h6 15. Qc1 Nd7 16. Re1 Nc5 17. Nf1 Qc7 18. N3d2 Na6 19. f3 Bd7 20. Qd1 Nb4 21. Nb1 Rb8 22. Na3 g6 23. Nc2 Qc5 24. Qd2 Kg7 25. Nxb4 axb4 26. Ra2 Ra8 27. Re2 Ra5 28. Rf2 f5 29. Bh3 Rf7 30. g4 Bg5 31. Qe2 f4 32. Bg2 Bh4 33. Bh1 Bxf2+ 34. Qxf2 Ra8 35. Qh4 g5 36. Qf2 Rh8 37. h3 h5 38. Bg2 hxg4 39. fxg4 Kg6 40. Qf3 Rh4 41. Nd2 Rfh7 42. Kf2 Qc8 43. Ra1 Qh8 44. Qe2 Rxh3 45. Nf3 Bxg4 46. Nxe5+ Qxe5 47. Qxg4 Rg3 48. Qf5+ Qxf5 49. exf5+ Kf6 50. Re1 Re3 51. Rd1 Rh2 52. Kg1 Rh4 53. Rd2 0-1